Statistics for Πρωτεύουσες της Ευρώπης

Click here to take the quiz!

General Stats

  • This quiz has been taken 498 times
  • The average score is 32 of 45

Answer Stats

ΧώραΠρωτεύουσα/ες% Correct
ΓαλλίαΠαρίσι
96%
ΕλλάδαΑθήνα
96%
ΑλβανίαΤίρανα
94%
Ηνωμένο ΒασίλειοΛονδίνο
93%
ΙταλίαΡώμη
93%
ΒουλγαρίαΣόφια
93%
ΓερμανίαΒερολίνο
92%
ΙσπανίαΜαδρίτη
91%
ΑυστρίαΒιέννη
88%
Άγιος Μαρίνος (Σαν Μαρίνο)Άγιος Μαρίνος (Σαν Μαρίνο)
87%
ΒέλγιοΒρυξέλλες
87%
ΑνδόρραΑνδόρρα λα Βέλλια
84%
Βόρεια ΜακεδονίαΣκόπια
83%
Ολλανδία (Κάτω Χώρες)Άμστερνταμ / Χάγη
79%
ΝορβηγίαΌσλο
78%
Πόλη του ΒατικανούΠόλη του Βατικανού
78%
ΡωσίαΜόσχα
77%
ΙρλανδίαΔουβλίνο
77%
ΔανίαΚοπεγχάγη
76%
ΜονακόΠόλη του Μονακό
75%
ΕλβετίαΒέρνη
74%
ΟυκρανίαΚίεβο
74%
ΕσθονίαΤάλιν
73%
ΛουξεμβούργοΠόλη του Λουξεμβούργου
71%
ΚροατίαΖάγκρεμπ
70%
ΟυγγαρίαΒουδαπέστη
70%
ΙσλανδίαΡέυκιαβικ
69%
ΜάλταΒαλέτα
69%
ΠολωνίαΒαρσοβία
66%
ΛευκορωσίαΜινσκ
66%
ΤσεχίαΠράγα
62%
ΡουμανίαΒουκουρέστι
61%
ΛετονίαΡίγα
60%
Βοσνία & ΕρζεγοβίνηΣαράγεβο
60%
ΣερβίαΒελιγράδι
57%
ΣουηδίαΣτοκχόλμη
56%
ΦινλανδίαΕλσίνκι
55%
ΠορτογαλίαΛισσαβώνα
53%
ΛιθουανίαΒίλνιους
51%
ΚόσοβοΠρίστινα
48%
ΛίχτενσταϊνΒαντούζ
47%
ΜολδαβίαΚισινάου
46%
ΜαυροβούνιοΠοντγκόριτσα
46%
ΣλοβακίαΜπρατισλάβα
45%
ΣλοβενίαΛιουμπλιάνα
43%

Score Distribution

Percentile by Number Answered

Percent of People with Each Score

Your Score History

You have not taken this quiz